Research methodology / (Record no. 66703)

MARC details
000 -LEADER
fixed length control field 00541nam a22001577a 4500
005 - DATE AND TIME OF LATEST TRANSACTION
control field 20120516110457.0
020 ## - INTERNATIONAL STANDARD BOOK NUMBER
Terms of availability 00.00
035 ## - SYSTEM CONTROL NUMBER
System control number B-216616
037 ## - SOURCE OF ACQUISITION
Stock number DPL
Source of stock number/acquisition ENG
100 ## - MAIN ENTRY--PERSONAL NAME
Personal name Khan, J.A.
245 ## - TITLE STATEMENT
Title Research methodology /
Statement of responsibility, etc by J.A. Khan
260 ## - PUBLICATION, DISTRIBUTION, ETC. (IMPRINT)
Place of publication, distribution, etc New Delhi
Name of publisher, distributor, etc A P H Publishing Corporation
Date of publication, distribution, etc 2008
300 ## - PHYSICAL DESCRIPTION
Extent xi, 319p.
Dimensions 20 cms.
942 ## - ADDED ENTRY ELEMENTS (KOHA)
Source of classification or shelving scheme Dewey Decimal Classification
Item type English Books
Classification part 001.02
Call number suffix KHA
Holdings
Withdrawn status Lost status Not for loan Collection code Home library Current library Date acquired Cost, normal purchase price Full call number Barcode Cost, replacement price Koha item type Public note
      Non-fiction Sarojini Nagar Sarojini Nagar 16/05/2012 0.00 001.02 KHA B-216616 0.00 English Books Withdrawn List Prepared List No. 90/25

© Delhi Public Library
Hit Counter
free hit counter